000 01546cam a2200397 a 4500
001 15678654
005 20170105102930.0
008 090330s2010 enk b 001 0 eng
010 _a 2009013250
020 _a9780415452984 (hardback)
020 _a0415452988 (hardback)
020 _a9780203869383 (ebook)
020 _a0203869389 (ebook)
020 _z0203869383 (e-book)
035 _a(OCoLC)ocn317698641
040 _aDLC
_cDLC
_dYDX
_dDLC
050 0 0 _aHM881
_b.K37 2010
082 0 0 _a303.6401
_bKAR 2010
100 1 _aKaratzogianni, Athina.
245 1 0 _aPower, resistance, and conflict in the contemporary world :
_bsocial movements, networks, and hierarchies /
_cAthina Karatzogianni and Andrew Robinson.
260 _aLondon ;
_aNew York :
_bRoutledge,
_cc2010.
300 _ax, 324 p. ;
_c24 cm.
490 1 _aRoutledge advances in international relations and global politics ;
_v78
504 _aIncludes bibliographical references (p. [278]-308) and index.
650 0 _aSocial movements
_xPolitical aspects.
650 0 _aInsurgency.
650 0 _aNational liberation movements.
650 0 _aGuerrillas.
650 0 _aPolitical violence.
650 0 _aInternational relations.
700 1 _aRobinson, Andrew,
_d1977-
830 0 _aRoutledge advances in international relations and global politics ;
_v78.
906 _a7
_bcbc
_corignew
_d1
_eecip
_f20
_gy-gencatlg
942 _2ddc
_cBK
999 _c16010
_d16010